000 00725nam a2200289Ia 4500
005 20260324122750.0
008 008 260324s9999 xx 000 0 eng d
020 _a9780240523811
037 _aEBOOK
040 _aCRL
040 _beng
040 _cCRL
041 _2eng
041 _aeng
084 _qCRL
100 _aAbhijit Chattaraj; Mark Galer
_91167727
245 0 _aAdobe Photoshop Elements 10: Maximum Performance
245 0 _bUnleash the hidden performance of Elements
260 _bTaylor and Francis
260 _c2012
365 _a
365 _b230
856 _uhttp://www.taylorfrancis.com/books/9780240523811
942 _cEBOOK
999 _c1760707
_d1760707